Q disney/pixar characters - Statistics

General Stats
  • This quiz has been taken 20 times
  • The average score is 4 of 8
Answer Stats
Hint Answer % Correct
A Bugs Life Queen
80%
The Hunchback of Notre Dame Quasimodo
70%
Alice in Wonderland Queen of Hearts
70%
Wreck it Ralph Qbert
50%
101 Dalmatians Queenie
40%
Sleeping Beauty Queen Leah
20%
The Great Mouse Detective Queen Mousetoria
20%
Elio Questa
10%
No matching quizzes found
Score Distribution
Percent of People with Each Score
Percentile by Number Answered
Your Score History
You have not taken this quiz